Código de Derecho Internacional Privado. Anotaciones y concordancias. Índice temático. Títulos de artículos del cuerpo del código y de las normas del apéndice
Bewaard in:
| Coauteur: | |
|---|---|
| Andere auteurs: | |
| Formaat: | Onbekend |
| Taal: | Engels |
| Gepubliceerd in: |
Santiago, Chile:
Legal Publishing; Thomson Reuters,
2021
|
| Editie: | Vigésima Primera Edición. |
| Reeks: | Colección de Códigos 2021
|
| Onderwerpen: | |
| Tags: |
Voeg label toe
Geen labels, Wees de eerste die dit record labelt!
|
MARC
| LEADER | 00000 a2200000 4500 | ||
|---|---|---|---|
| 003 | CL-VaPUC | ||
| 005 | 20250129155423.0 | ||
| 008 | 210615b ||||| |||| 00| 0 eng d | ||
| 999 | |c 433072 |d 433070 | ||
| 020 | |a 978-956-400-187-6 | ||
| 040 | |c Pontificia Universidad Católica de Valparaíso | ||
| 082 | 0 | 4 | |a 340.9 CHI 2021 |2 22 |
| 110 | 1 | |a Chile |9 890760 | |
| 245 | 1 | 0 | |a Código de Derecho Internacional Privado. |b Anotaciones y concordancias. Índice temático. Títulos de artículos del cuerpo del código y de las normas del apéndice |
| 250 | |a Vigésima Primera Edición. |b Actualizada al 4 de enero de 2021 | ||
| 260 | |a Santiago, Chile: |b Legal Publishing; |b Thomson Reuters, |c 2021 | ||
| 300 | |a 539 páginas | ||
| 490 | 0 | |a Colección de Códigos 2021 | |
| 505 | |a -Normas relacionadas con este Código. -Decreto Supremo de Promulgación de la Convención y Código de Derecho Internacional Privado. -Título Preliminar. -Libro Primero. Derecho Civil Internacional. -Libro Segundo. Derecho Mercantil Internacional. -Libro Tercero. Derecho Penal Internacional. -Libro Cuarto. Derecho Procesal Internacional. Apéndice: -Convención de Viena sobre el Derecho de los Tratados. (D.O. de 22 de junio de 1981) -Convención de Viena sobre Relaciones Diplomáticas. (D.O. de 4 de marzo de 1968) -Convención de Viena sobre Relaciones Consulares. (D.O. de 5 de marzo de 1968) -Convención sobre las Misiones Especiales. (D.O. de 31 de enero de 1980) -Convención sobre la Prevención y el Castigo de Delitos contra Personas Internacionalmente Protegidas, inclusive los Agentes Diplomáticos. (D.O. de 29 de marzo de 1977) -Convención sobre los Derechos del Niño. (D.O. de 27 de septiembre de 1990) -Convención sobre los Aspectos Civiles del Secuestro Internacional de Niños. (D.O. de 17 de junio de 1994) -Convención sobre el Reconocimiento y la Ejecución de las Sentencias Arbitrales Extranjeras (D.O. de 30 de octubre de 1975) -Convención Interamericana sobre Arbitraje Comercial Internacional. (D.O. de 12 de julio de 1976) -Convención Interamericana sobre Exhortos o Cartas Rogatorias. (D.O. de 18 de octubre de 1976) -Convención Interamericana sobre Recepción de Pruebas en el Extranjero. (D.O. 9 de octubre de 1976) -Convención Interamericana sobre Prueba e Información acerca del Derecho Extranjero. (D.O. de 6 de junio de 1997) -Convención Interamericana sobre Régimen Legal de Poderes para ser utilizados en el Extranjero. (D.O. de 11 de octubre de 1976) -Convención Interamericana sobre Conflictos de Leyes en Materia de Letras de Cambio, Pagarés y Facturas. (D.O. de 13 de julio de 1976) -Convención Interamericana sobre Conflictos de Leyes en Materia de Cheques (D.O. de 4 marzo de 1997) -Estatuto del Instituto Internacional para la Unificación del Derecho Privado (UNIDROIT). (D.O. de 25 de agosto de 1982) -Estatuto de la Conferencia de La Haya de Derecho Internacional Privado. (D.O. de 15 de febrero de 1986) -Convenio sobre Arreglo de Diferencias relativas a Inversiones entre Estados y Nacionales de otros Estados. (D.O. de 9 de enero de 1992) -Convención de las Naciones Unidas sobre los Contratos de Compraventa Internacional de Mercaderías. (D.O. de 3 de octubre de 1990) -Reglamento Consular. (D.O. de 29 de julio de 1977) -Decreto Ley N.º 2.349. Establece Normas sobre Contratos Internacionales para el Sector Público. (D.O. de 28 de octubre de 1978) -Decreto N.º 605. Promulga el Convenio de las Naciones Unidas sobre el Transporte Marítimo de Mercancías, suscrito en Hamburgo el 31 de marzo de 1978 (D.O. de 23 de octubre de 1982) -Ley N.º 19.971. Sobre Arbitraje Comercial Internacional, (D.O. de 29 de septiembre de 2004) -Decreto N.º 1.215. Promulga la Convención sobre Protección del Niño y Cooperación en Materia de Adopción Internacional. (D.O. de 4 de octubre de 1999) -Decreto N.º 24. Promulga la Convención Interamericana sobre Conflictos de Leyes en Materia de Adopción de Menores. (D.O. de 30 de abril de 2002) -Decreto N.º 23. Promulga Convención sobre la Obtención de Alimentos en el Extranjero (D.O. de 23 de enero de 1961) -Decreto N.º 752. Promulga Convención sobre Aplicación e Información del Derecho Extranjero, suscrito entre la República de Chile y la República Oriental del Uruguay (D.O. de 21 de octubre de 1985) -Decreto N.º 81. Aprueba Reglamento de la Ley N.º 20.711, que implementa la Convención de La Haya que Suprime la Exigencia de Legalización de Documentos Públicos Extranjeros. (D.O. de 28 de noviembre de 2015) | ||
| 583 | |k Cristina Rojas |c 20210615 | ||
| 650 | 0 | |9 256361 |a Derecho internacional privado |x Código |z Chile | |
| 650 | 0 | |a Derecho mercantil chileno |9 890680 | |
| 650 | 0 | |a Derecho procesal penal |z Chile |9 868814 | |
| 650 | 0 | |a Responsabilidad civil |9 895995 | |
| 700 | |a García Pujol, Ignacio |e director |9 814203 | ||
| 942 | |2 ddc |c BK | ||
| 952 | |0 0 |1 0 |2 ddc |4 0 |6 340_900000000000000_CHI_2021 |7 0 |8 R |9 578085 |a BIBDER |b BIBDER |d 2021-06-09 |e 31 |g 0.00 |i 5584396 |o 340.9 CHI 2021 |p 5584396 |r 2023-01-25 |t 1 |v 0.00 |w 2021-06-09 |y BK_R |k DER | ||